<?xml version="1.0" encoding="UTF-8"?>
<record
    xmlns:xsi="http://www.w3.org/2001/XMLSchema-instance"
    xsi:schemaLocation="http://www.loc.gov/MARC21/slim http://www.loc.gov/standards/marcxml/schema/MARC21slim.xsd"
    xmlns="http://www.loc.gov/MARC21/slim">

  <leader>00997nim a2200289 a 4500</leader>
  <datafield tag="999" ind1=" " ind2=" ">
    <subfield code="c">24110</subfield>
    <subfield code="d">24110</subfield>
  </datafield>
  <controlfield tag="001">vtls012235245</controlfield>
  <controlfield tag="005">20251219143615.0</controlfield>
  <controlfield tag="007">sd fsngnnmmnud</controlfield>
  <controlfield tag="008">230719s2023    xo nnnnfs      f  n slo  </controlfield>
  <datafield tag="020" ind1=" " ind2=" ">
    <subfield code="a">9788018116029</subfield>
    <subfield code="q">(zvukov&#xE1; kniha)</subfield>
  </datafield>
  <datafield tag="040" ind1=" " ind2=" ">
    <subfield code="a">LESKN</subfield>
    <subfield code="b">slo</subfield>
    <subfield code="c">LESKN</subfield>
    <subfield code="d">SNK</subfield>
    <subfield code="e">AACR2</subfield>
  </datafield>
  <datafield tag="041" ind1="1" ind2=" ">
    <subfield code="a">slo</subfield>
    <subfield code="h">swe</subfield>
  </datafield>
  <datafield tag="044" ind1=" " ind2=" ">
    <subfield code="a">xo</subfield>
    <subfield code="c">SK</subfield>
  </datafield>
  <datafield tag="072" ind1=" " ind2="7">
    <subfield code="a">821.11</subfield>
    <subfield code="x">Germ&#xE1;nske literat&#xFA;ry</subfield>
    <subfield code="2">konspekt</subfield>
  </datafield>
  <datafield tag="080" ind1=" " ind2=" ">
    <subfield code="a">821.113.6-31</subfield>
    <subfield code="2">2001</subfield>
  </datafield>
  <datafield tag="080" ind1=" " ind2=" ">
    <subfield code="a">(0:82-312.4)</subfield>
    <subfield code="2">2001</subfield>
  </datafield>
  <datafield tag="080" ind1=" " ind2=" ">
    <subfield code="a">(086.76)</subfield>
    <subfield code="2">2001</subfield>
  </datafield>
  <datafield tag="100" ind1="1" ind2=" ">
    <subfield code="a">Kepler, Lars</subfield>
    <subfield code="4">aut</subfield>
    <subfield code="9">3646</subfield>
  </datafield>
  <datafield tag="245" ind1="1" ind2="0">
    <subfield code="a">Pav&#xFA;k</subfield>
    <subfield code="h">elektronick&#xFD; zdroj</subfield>
    <subfield code="c">[Lars] Kepler ; &#x10D;&#xED;ta: Peter Lejko</subfield>
  </datafield>
  <datafield tag="260" ind1=" " ind2=" ">
    <subfield code="a">Levo&#x10D;a</subfield>
    <subfield code="b">Slovensk&#xE1; kni&#x17E;nica pre nevidiacich Mateja Hrebendu</subfield>
    <subfield code="c">2023</subfield>
  </datafield>
  <datafield tag="300" ind1=" " ind2=" ">
    <subfield code="a">1 elektronick&#xFD; optick&#xFD; disk (CD-ROM)</subfield>
    <subfield code="b">digit&#xE1;lny, mono, MP3</subfield>
    <subfield code="c">12 cm</subfield>
  </datafield>
  <datafield tag="655" ind1=" " ind2="7">
    <subfield code="a">zvukov&#xE9; z&#xE1;znamy</subfield>
    <subfield code="2">SNKPH</subfield>
    <subfield code="9">4303</subfield>
  </datafield>
  <datafield tag="655" ind1=" " ind2="7">
    <subfield code="a">&#x161;v&#xE9;dske rom&#xE1;ny</subfield>
    <subfield code="2">SNKPH</subfield>
    <subfield code="9">1715</subfield>
  </datafield>
  <datafield tag="655" ind1=" " ind2="7">
    <subfield code="a">trilery (rom&#xE1;ny)</subfield>
    <subfield code="2">SNKPH</subfield>
    <subfield code="9">2135</subfield>
  </datafield>
  <datafield tag="655" ind1=" " ind2="7">
    <subfield code="a">CD-ROM</subfield>
    <subfield code="2">SNKPH</subfield>
    <subfield code="9">3890</subfield>
  </datafield>
  <datafield tag="700" ind1="1" ind2=" ">
    <subfield code="a">Lejko, Peter</subfield>
    <subfield code="4">nrt</subfield>
    <subfield code="9">4629</subfield>
  </datafield>
  <datafield tag="952" ind1=" " ind2=" ">
    <subfield code="0">0</subfield>
    <subfield code="1">0</subfield>
    <subfield code="2">udc</subfield>
    <subfield code="4">0</subfield>
    <subfield code="7">0</subfield>
    <subfield code="8">K</subfield>
    <subfield code="a">10000</subfield>
    <subfield code="b">10000</subfield>
    <subfield code="d">2025-12-19</subfield>
    <subfield code="g">9.98</subfield>
    <subfield code="i">22485</subfield>
    <subfield code="o">B11001</subfield>
    <subfield code="p">B11001</subfield>
    <subfield code="r">2025-12-19</subfield>
    <subfield code="w">2025-12-19</subfield>
    <subfield code="y">KLDO</subfield>
  </datafield>
</record>
